| 000 | 00432nam a2200157 4500 | ||
|---|---|---|---|
| 003 | SEACOMEC | ||
| 005 | 20231221161453.0 | ||
| 008 | 231221b |||||||| |||| 00| 0 eng d | ||
| 040 | _aSEACOMEC | ||
| 082 |
_a005.177 _bK15 |
||
| 100 | _aKamthane,Ashok N. | ||
| 245 | 1 |
_aObject Oriented programming with ANSI and turbo C++ _cAshok N. Kamthane |
|
| 260 |
_aDelhi _bpearson _c2003 |
||
| 650 | _aComputer science,Programming | ||
| 942 | _cBOOK | ||
| 999 |
_c277 _d277 |
||